00390nam a2200133Ia 45000010005000000080041000050200022000460820022000681000029000902450069001192600025001889010028002139990015002412943241024s9999 xx 000 0 und d a978-99934-58-86-9 aRD/657.0285/C117c aFelipe Cabrera Febrillet 0aContabilidad General Computarizada. Conocimientos del Futuro Hoy bEd. Centenarioc2010 a28/6/2013 11:34:45 a.m. c7997d7997